000 01158nam0a22003131 4500
001 2572175
005 20250622224707.0
021 _aRU
_b79-35393
035 _a(NLR Aleph) 006456022
090 _a5787540
_c5787540
100 _a20110316g19781979|||y0rusy50 ca
101 0 _arus
102 _aRU
105 _aa j |||||
200 1 _aАвиационные боеприпасы
_eУчебник для слушателей инж. ВВУЗов ВВС
_fА.Н. Дорофеев, А.П. Морозов, Р.С. Саркисян
_gПод ред. Р.С. Саркисяна
210 _aЛенинград
_cВВИА им. проф. Н.Е. Жуковского
_d1978 (вып. дан. 1979)
215 _a445 с.
_cил.
_d23
686 _aЦ651.23я7-1
_2rubbk
700 1 _aДорофеев
_bА.Н.
_gАнатолий Николаевич
701 1 _aСаркисян
_bР.С.
701 1 _aМорозов
_bА.П.
702 1 _aСаркисян
_bР.С.
_4340
801 0 _aRU
_bNLR
_gpsbo
801 1 _aRU
_bELAR
_2rusmarc
852 _aNLR
_jDesideratum
899 _aRuMoRGB
_jВО 685/188
899 _aRuMoRGB
_j801-85/13070-7
942 _cBOOK
980 _aNB